Statistics for English Premier League Cities Map

Click here to take the quiz!

General Stats

  • This quiz has been taken 72 times
    (28 since last reset)
  • The average score is 11 of 33

Answer Stats

Answer % Correct
Cardiff City
73%
Newcastle United*
64%
Arsenal*, Charlton Athletic, Chelsea*, Crystal Palace*, Fulham*, QPR, Tottenham*, West Ham United* & Wimbledon
64%
Everton* & Liverpool*
55%
Swansea City
55%
Stoke City
45%
Brighton & Hove Albion*
45%
Ipswich Town
45%
Sunderland
45%
Bournemouth
45%
Middlesbrough
45%
Hull City
45%
Norwich City
36%
Blackpool
36%
Bolton Wanderers, Manchester City*, Manchester United*, Oldham Athletic & Wigan Athletic
36%
Watford
36%
Reading
36%
Southampton*
27%
Swindon Town
27%
Leeds United*
27%
Aston Villa*, Birmingham City & West Bromwich Albion*
27%
Wolverhampton Wanderers*
27%
Leicester City*
27%
Sheffield United* & Sheffield Wednesday
27%
Coventry City
18%
Derby County
18%
Bradford City
18%
Portsmouth
18%
Nottingham Forest
18%
Barnsley
9%
Burnley*
9%
Blackburn Rovers
9%
Huddersfield Town
0%

Score Distribution

Percentile by Number Answered

Percent of People with Each Score

Your Score History

You have not taken this quiz since the last reset